书目信息 |
| 题名: |
忠诚的代价
|
|
| 作者: | 萨斯坎德 著 ;李星健 译 | |
| 分册: | ||
| 出版信息: | 北京 人民文学出版社 2004 |
|
| 页数: | 324页 | |
| 开本: | 21cm | |
| 丛书名: | ||
| 单 册: | ||
| 中图分类: | F811.0 | |
| 科图分类: | ||
| 主题词: | 报告文学--美国--现代 , 政治--概况--美国--现代 , 报告文学 , 政治 , 财政 | |
| 电子资源: | ||
| ISBN: | 7-02-004773-4 | |
| 000 | 01203nam0 2200313 450 | |
| 001 | 1247687952 | |
| 005 | 20121005131610.76 | |
| 010 | @a7-02-004773-4@dCNY21.00 | |
| 100 | @a20040802d2004 em y0chiy50 ea | |
| 101 | 1 | @achi@ceng |
| 102 | @aCN@b110000 | |
| 105 | @ay z 000yd | |
| 200 | 1 | @a忠诚的代价@Azhong cheng de dai jia@e美国前财长保罗·奥尼尔眼中的布什和白宫@f(美)罗恩·萨斯坎德(Ron Suskind)著@g李星健等译 |
| 210 | @a北京@c人民文学出版社@d2004 | |
| 215 | @a324页@d21cm | |
| 305 | @a据Simon & Schuster 2004年版译出 | |
| 330 | @a本书透视了美国乃至全球新近发生的诸多大事,揭示了在具体行动之下通常被掩盖了的那些动机,读者可以借此一目了然看到本届布什政府在管理中的一些重要冲突。 | |
| 510 | 1 | @aThe Price of Loyalty@zeng |
| 517 | 1 | @a美国前财长保罗·奥尼尔眼中的布什和白宫@Amei guo qian cai zhang bao luo · ao ni er yan zhong de bu shi he bai gong |
| 606 | 0 | @a报告文学@y美国@z现代 |
| 606 | 0 | @a政治@x概况@y美国@z现代 |
| 606 | 0 | @a报告文学 |
| 606 | 0 | @a政治 |
| 606 | 0 | @a财政 |
| 690 | @aF811.0@v4 | |
| 701 | 0 | @c(美)@a萨斯坎德@Asa si kan de@c(Suskind, Ron)@4著 |
| 702 | 0 | @a李星健@Ali xing jian@f(1931.1~)@4译 |
| 801 | 0 | @aCN@bNLC@c20101222 |
| 905 | @a10447@dF811.0@eJY24 | |
| 忠诚的代价:美国前财长保罗·奥尼尔眼中的布什和白宫/(美)罗恩·萨斯坎德(Ron Suskind)著/李星健等译.-北京:人民文学出版社,2004 |
| 324页;21cm |
| ISBN 7-02-004773-4:CNY21.00 |
| 本书透视了美国乃至全球新近发生的诸多大事,揭示了在具体行动之下通常被掩盖了的那些动机,读者可以借此一目了然看到本届布什政府在管理中的一些重要冲突。 |
| ● |
| 相关链接 |
|
|
|
|
正题名:忠诚的代价
索取号:F811.0/JY24
 
预约/预借
| 序号 | 登录号 | 条形码 | 馆藏地/架位号 | 状态 | 备注 |
| 1 | 7814307 | 278143073 | 学院路分馆/ [索取号:F811.0/JY24] | 在馆 | |
| 2 | 7814308 | 278143082 | 学院路分馆/ [索取号:F811.0/JY24] | 在馆 | |
| 3 | 7814309 | 278143091 | 学院路分馆/ [索取号:F811.0/JY24] | 在馆 | |
| 4 | 7814310 | 278143108 | 学院路分馆/ [索取号:F811.0/JY24] | 在馆 |